000 02218cam a22005294i 4500
003 PE-LiUPU
005 20250731173242.0
008 150625s1993 cau rb 000 0 eng d
020 _a188112701X
035 _a(Sirsi) i9781881127017
040 _aPE-LiUPU
_bspa
_cPE-LiUPU
_erda
049 _aPRUA
082 0 4 _a233
_bN82
_221
100 1 _aNorskov Olsen, V.,
_eautor.
245 1 4 _aThe New Relatedness for man & Woman in Christ a Mirror of the Divine /
_cV. Norskov Olsen.
264 1 _aLoma Linda, California :
_bCenter for Christian Bioethics,
_c1993.
300 _a155 páginas ;
_c21 centímetros
336 _atext
_2rdacontent
337 _aunmediated
_2rdamedia
338 _avolume
_2rdacarrier
504 _aIncluye notas bibliográficas.
505 0 _aThe relatedness of the Triune God -- Man & Woman in creation -- An historical backdrop -- The subservience of women -- EarlyChristian attitudes toward women -- Pauline texts on relatedness -- Reflections for today.
526 _aSEG42
526 _aSEG41
526 _aSEG40
526 _aSEG39
526 _aP94
526 _aP87
526 _aP86
526 _aP85
526 _aP77
526 _aP76
526 _aP35
650 0 4 _aAntropología teológica.
650 0 4 _aMujer
_xCristianismo.
650 0 4 _aRelaciones interpersonales
_xCristianismo.
650 0 4 _aTrinidad.
_93711
942 _2ddc
_cBOOK
949 _a233 N82
_wDEWEY
_c1
_i38380
_d2017-1-4
_e2017-1-4
_lCCODEBUL1
_mBUL
_n1
_p12.00
_r0
_sY
_tBOOK
_u2015-6-25
_xTEOLOGIA
_zUNKNOWN
_0COMPRA
_o.STAFF. Colección General
949 _a233 N82
_wDEWEY
_c2
_i56680
_lCCODEBUL1
_mBUL
_p12.00
_r0
_sY
_tBOOK
_u2015-6-25
_xTEOLOGIA
_zUNKNOWN
_0COMPRA
_o.STAFF. Colección General
994 _aC0
_bPEPRU
596 _a1
999 _a233 N82
_wDEWEY
_c43294
_i38380
_d43294
_e2017-1-4
_f2022-5-11
_g3
_lCCODEBUL1
_mBUL
_n1
_p12.00
_r0
_sY
_tBOOK
_u2015-6-25
_xTEOLOGIA
_PP35
_0COMPRA
_o.STAFF. Colección Teología
999 _a233 N82
_wDEWEY
_c2
_i56680
_f2021-11-10
_g5
_lCCODEBUL1
_mBUL
_p12.00
_r0
_sY
_tBOOK
_u2015-6-25
_xTEOLOGIA
_zUNKNOWN
_0COMPRA
_o.STAFF. Colección General
980 _81
_gALBERTO SANCHEZ Responsable de Automatización